000 00268nam a2200109Ia 4500
008 231212s1981 xx 000 0 und d
041 _aeng
082 _a621.381528
100 _aLance Leventhal
245 _a8080A / 8085 Assembly
260 _aCOlifornia
_bKhanna
_c1981
999 _c958026
_d958026